| 000 -LEADER |
| fixed length control field |
00693nam a22002177a 4500 |
| 001 - CONTROL NUMBER |
| control field |
21675 |
| 003 - CONTROL NUMBER IDENTIFIER |
| control field |
BD-DhUAP |
| 005 - DATE AND TIME OF LATEST TRANSACTION |
| control field |
20220803112629.0 |
| 008 - FIXED-LENGTH DATA ELEMENTS--GENERAL INFORMATION |
| fixed length control field |
220704b2011 Bg ||||| |||| 000 0aeng d |
| 020 ## - INTERNATIONAL STANDARD BOOK NUMBER |
| International Standard Book Number |
98437501 |
| 040 ## - CATALOGING SOURCE |
| Original cataloging agency |
BD-DhUAP |
| Language of cataloging |
ENG |
| Transcribing agency |
BD-DhUAP |
| Modifying agency |
BD-DhUAP |
| Description conventions |
BD-DhUAP |
| 082 ## - DEWEY DECIMAL CLASSIFICATION NUMBER |
| Edition number |
22 |
| Classification number |
342 PAU |
| 100 ## - MAIN ENTRY--PERSONAL NAME |
| Personal name |
Paul, Gopal Chandra. |
| 245 ## - TITLE STATEMENT |
| Title |
Fundamental writs and Law of Writs : |
| Remainder of title |
With all Rulings and Appellate Division of the Supreme Court of Bangladesh/ |
| Statement of responsibility, etc. |
Gopal Chandra Paul. |
| 250 ## - EDITION STATEMENT |
| Edition statement |
1st ed |
| 260 ## - PUBLICATION, DISTRIBUTION, ETC. |
| Place of publication, distribution, etc. |
Dhaka: |
| Name of publisher, distributor, etc. |
Bhai Bhai Law Book Bhandar; |
| Date of publication, distribution, etc. |
2011. |
| 300 ## - PHYSICAL DESCRIPTION |
| Extent |
vii ,297 p |
| Dimensions |
22 cm. |
| 504 ## - BIBLIOGRAPHY, ETC. NOTE |
| Bibliography, etc. note |
Include Bibliography. |
| 650 ## - SUBJECT ADDED ENTRY--TOPICAL TERM |
| Topical term or geographic name entry element |
Civil rights |
| Geographic subdivision |
India. |
| 942 ## - ADDED ENTRY ELEMENTS (KOHA) |
| Source of classification or shelving scheme |
|
| Koha item type |
Book |